Variation across speech and writing

Αποθηκεύτηκε σε:
Λεπτομέρειες βιβλιογραφικής εγγραφής
Κύριος συγγραφέας: Biber, Douglas
Μορφή: Βιβλίο
Γλώσσα:English
Δημοσίευση: New York : Cambridge University Press, 1988.
Θέματα:
Ετικέτες: Προσθήκη ετικέτας
Δεν υπάρχουν, Καταχωρήστε ετικέτα πρώτοι!

MARC

LEADER 00000cam a2200000 a 4500
001 1/116314
008 180425s1988####us | ||| |||| ||eng||
020 |a 0521425565 
040 |a GR-MyUa  |b gre  |c GR-MyUa  |e AACR2 
041 0 |a eng 
082 7 |a 417.2   |2 (23) 
100 0 |a Biber, Douglas. 
245 1 0 |a Variation across speech and writing /   |c Douglas Biber.  
260 |a New York :   |b Cambridge University Press,   |c 1988.  
300 |a xv, 299 . ;   |c 24 εκ.  
504 |a Βιβλιογραφία: σ. 280-291. Ευρετήριο.  
650 0 |a Language and languages  |x Variation. 
650 0 |a Oral communication. 
650 0 |a Written communication. 
852 |a INST  |b RHODES  |e 20180425  |h 417.2 DOU  |p 005400039796  |q 005400039796  |t BK  |y 4  |x 20210111 
970 |z 23-01-2018